Entremes de que se passa (Record no. 137353)

MARC details
000 -CABECERA
campo de control de longitud fija 01675nam a22004454i 4500
001 - NÚMERO DE CONTROL
campo de control 991061740037706706
003 - IDENTIFICADOR DEL NÚMERO DE CONTROL
campo de control ES-BaIT
005 - FECHA Y HORA DE LA ÚLTIMA TRANSACCIÓN
campo de control 20260410123137.0
008 - DATOS DE LONGITUD FIJA--INFORMACIÓN GENERAL
campo de control de longitud fija 241107q17461774sp 000 d spa c
026 ## - IDENTIFICADOR DE HUELLA DIGITAL
Huella digital no analizada ìo! s?s? e:e. a,a! C [entre 1746-1774] Q
Fuente fei
040 ## - FUENTE DE LA CATALOGACIÓN
Centro catalogador/agencia de origen ES-BaIT
Lengua de catalogación cat
Normas de descripción rda
Centro/agencia transcriptor ES-BaIT
080 ## - NÚMERO DE LA CLASIFICACIÓN DECIMAL UNIVERSAL
Número de la Clasificación Decimal Universal 860-2"17"
245 00 - MENCIÓN DE TÍTULO
Título Entremes de que se passa
246 30 - FORMA VARIANTE DE TÍTULO
Título propio/Titulo breve Que se passa
246 30 - FORMA VARIANTE DE TÍTULO
Título propio/Titulo breve Que se pasa
264 #1 - PRODUCCIÓN, PUBLICACIÓN, DISTRIBUCIÓN, FABRICACIÓN Y COPYRIGHT
Producción, publicación, distribución, fabricación y copyright Se hallará en Valencia :
Nombre del de productor, editor, distribuidor, fabricante en la imprenta de Agustin Laborda, vive en la Bolserìa,
Fecha de producción, publicación, distribución, fabricación o copyright [entre 1746-1774]
300 ## - DESCRIPCIÓN FÍSICA
Extensión 8 pàgines ;
Dimensiones 8º (14 cm)
336 ## - TIPO DE CONTENIDO
Término de tipo de contenido text
Código de tipo de contenido txt
Fuente rdacontent
337 ## - TIPO DE MEDIO
Nombre/término del tipo de medio sense mediació
Código del tipo de medio n
Fuente rdamedia
338 ## - TIPO DE SOPORTE
Nombre/término del tipo de soporte volum
Código del tipo de soporte nc
Fuente rdacarrier
500 ## - NOTA GENERAL
Nota general Peu d'impremta obtingut del colofó
500 ## - NOTA GENERAL
Nota general Data d'impressió deduïda dels anys d'activitat de l'impressor
500 ## - NOTA GENERAL
Nota general Filet tipogràfic que precedeix al títol
500 ## - NOTA GENERAL
Nota general Signatures: []4
500 ## - NOTA GENERAL
Nota general P4: D1, H3
533 ## - NOTA DE REPRODUCCIÓN
Tipo de reproducción Reproducció digital disponible a Biblioescènic
650 #0 - PUNTO DE ACCESO ADICIONAL DE MATERIA--TÉRMINO DE MATERIA
Término de materia o nombre geográfico como elemento de entrada Entremesos
Subdivisión cronológica S. XVIII
9 (RLIN) 162695
700 1# - ENTRADA AGREGADA--NOMBRE PERSONAL
Nombre de persona Laborda i Campo, Agustí,
Fechas asociadas al nombre -aproximadament 1774
Término indicativo de función/relación impressor
9 (RLIN) 158525
730 0# - ENTRADA AGREGADA--TÍTULO UNIFORME
Título uniforme Col·lecció digital Biblioescènic del MAE
9 (RLIN) 69172
752 ## - ENTRADA AGREGADA--NOMBRE JERÁRQUICO DEL LUGAR
País o entidad superior Espanya
Ciudad València
856 41 - LOCALIZACIÓN Y ACCESO ELECTRÓNICOS
Nota pública Accés lliure (Biblioescènic)
Identificador Uniforme del Recurso <a href="https://books.cdmae.cat/visorpdf/?recurs=SV0050-09">https://books.cdmae.cat/visorpdf/?recurs=SV0050-09</a>
856 42 - LOCALIZACIÓN Y ACCESO ELECTRÓNICOS
Nota pública Fitxa del catàleg manual
Identificador Uniforme del Recurso <a href="https://www.cdmae.cat/sedo/imgtitulos/058/P0001439.gif">https://www.cdmae.cat/sedo/imgtitulos/058/P0001439.gif</a>
902 ## - ELEMENTOS DE DATOS B LOCAL, LDB (RLIN)
a Fons antic
902 ## - ELEMENTOS DE DATOS B LOCAL, LDB (RLIN)
a Patrimoni
908 ## - COLOCAR PARÁMETRO DE COMANDO (RLIN)
Colocar parámetro de comando CDMAE
910 1# - DATOS DE OPCIÓN DEL USUARIO (OCLC)
Datos de opción del usuario Laborda i Campo, Agustí,
940 ## - EQUIVALENCIA O REFERENCIA-CRUZADA--TÍTULO UNIFORME [OBSOLETO] [solamente CAN/MARC]
Título uniforme <a href="CDMAE">CDMAE</a>
942 ## - ELEMENTOS DE ENTRADA AGREGADA (KOHA)
Fuente del sistema de clasificación o colocación Clasificación decimal universal
Tipo de ítem Koha Digital
Holdings
Estado de retiro Estado de pérdida Fuente del sistema de clasificación o colocación Estado dañado No para préstamo Código de colección Localización permanente Ubicación/localización actual Ubicación en estantería Fecha de adquisición Fuente de adquisición Total de préstamos Signatura topográfica completa Código de barras Fecha visto por última vez Precio válido a partir de Tipo de ítem Koha
    Clasificación decimal universal   Exclòs de préstec Artur Sedó. Col·lecció Fernández Guerra Biblioteca Barcelona Biblioteca Barcelona BCN Magatzem Sedó Vitrina 10/04/2026 Reconversió   VIT-050/09 1000050095 10/04/2026 10/04/2026 Antiquària

Powered by Koha